| LEADER |
01000nam0a2200217 450 |
| 001 |
16867477 |
| 010 |
|
|
|a 978-2-7459-7544-7
|b rel.
|d 19,9
|
| 100 |
|
|
|a 20171211d2017 u u0frey01 ba
|
| 101 |
0 |
|
|a fre
|
| 102 |
|
|
|a FR
|
| 200 |
0 |
|
|a Bestioles
|e bousier glouton, mante religieuse assassine, fourmi ravisseuse et autres souvenirs entomologiques...
|f Jean-Henri Fabre
|g textes sélectionnés et mis en images par Sylvie Bessard
|
| 207 |
|
1 |
|a
|
| 215 |
|
|
|a 75 p.
|c illustrations en couleur
|d 33 cm
|
| 330 |
|
|
|a Une sélection de huit récits illustrés issus des Souvenirs entomologiques de J.-H. Fabre sur la vie des insectes, notamment le bousier, le papillon et la mante religieuse. Electre 2017
|
| 606 |
0 |
|
|a Insectes
|x Moeurs et comportement
|
| 676 |
|
|
|a 595.7
|
| 700 |
|
0 |
|a Fabre
|b Jean-Henri
|4 70
|
| 702 |
|
0 |
|a Bessard
|b Sylvie
|f 1976-....
|4 340
|
| 900 |
|
|
|a Documentaire
|
| 901 |
|
|
|a Jeunesse
|
| 995 |
|
|
|a Médiathèque
|c Médiathèque
|f 00156006195812
|h 00156006195812
|k E 595.7 FAB
|o p
|q j
|r az
|e Médiathèque
|